000 00377nam a22001697a 4500
005 20160627154430.0
008 160627b xxu||||| |||| 00| 0 eng d
020 _a81-7660-12-7
041 _aeng
082 _b10516
100 _aBhate, Dr Vidyadhar
_92975
245 _aRisk Management
260 _bEPH
_c2004
300 _a132
650 _aManagement
_9241
942 _cBK
999 _c4301
_d4300